000 00895cam a2200217 a 4500
001 000014606
005 20200929163856.0
008 920131s1966 ve b 000 0 spa d
040 _aDO-SdBNP
_bspa
_cBNPHU
082 _axxx
_bxxx
100 1 _aBodin, Jean,
_d1530-1596.
_933071
245 1 4 _aLos seis libros de la República /
_cJ. Bodino ; selección, traducción e introducción de Pedro Bravo.
260 _aCaracas :
_bInstituto de Estudios Políticos ;
_bFacultad de Derecho ;
_bUniversidad Central de Venezuela,
_c[1966].
300 _a400 p. ;
_c24 cm.
490 1 _aAntologías del pensamiento político
_v7
504 _aIncluye referencias bibliográficas: (p. 75-90).
650 0 _aPolitical science
_xEarly works to 1800.
_933072
650 0 _aState, the
_xEarly works to 1800.
_933073
700 1 _aBravo, Pedro.
_933074
830 0 _aAntologías del pensamiento político ;
_v7
_933075
999 _c14191
_d14191